[Event "23. OSREDNJA SLOVENSKA LIGA 2022"]
[Site "gostovanja"]
[Date "2022.09.15"]
[Round "1.1"]
[White "Olenik Campa, Rudi"]
[Black "Justin, Matjaz"]
[Result "1-0"]
[WhiteElo "2151"]
[BlackElo "2250"]
[PlyCount "64"]
[EventDate "2022.09.16"]
[WhiteTeam "SK LJUBLJANA"]
[BlackTeam "SD VRHNIKA"]

1. e4 c5 2. Nf3 d6 3. d4 cxd4 4. Nxd4 Nf6 5. Nc3 a6 6. g3 e5 7. Nde2 Nbd7 8. a4
b6 9. Nd5 Nxe4 10. Bg2 f5 11. g4 Rb8 12. gxf5 Ndf6 13. Nxf6+ Nxf6 14. Ng3 Be7
15. Bg5 O-O 16. Bxf6 Rxf6 17. Be4 Kh8 18. Rg1 Bf8 19. Qd3 b5 20. axb5 Rxb5 21.
b3 Rb4 22. c4 Qb6 23. Ra3 Rh6 24. Rg2 a5 25. Qe3 Qxe3+ 26. fxe3 d5 27. Bxd5
Rxc4 28. Rxa5 Rc1+ 29. Kd2 Rc7 30. Ra8 Rd6 31. e4 g6 32. fxg6 hxg6 {nejasno 
(44)} 1-0

[Event "23. OSREDNJA SLOVENSKA LIGA 2022"]
[Site "gostovanja"]
[Date "2022.09.15"]
[Round "1.2"]
[White "Siraj, Svit"]
[Black "Marinko, Peter"]
[Result "0-1"]
[WhiteElo "2153"]
[BlackElo "2035"]
[PlyCount "92"]
[EventDate "2022.09.16"]
[WhiteTeam "SD VRHNIKA"]
[BlackTeam "SK LJUBLJANA"]

1. e4 e5 2. Nf3 Nc6 3. Nc3 Nf6 4. Bb5 Bc5 5. O-O O-O 6. Nxe5 Re8 7. Nf3 Nxe4 8.
Nxe4 Rxe4 9. d3 Re8 10. d4 Bf8 11. d5 Ne5 12. Nxe5 Rxe5 13. Bf4 Rf5 14. Bg3 c6
15. Bd3 Rxd5 16. c4 Ra5 17. a3 c5 18. Be4 d6 19. Qd3 g6 20. Rab1 Rb8 21. b4
cxb4 22. axb4 Ra6 23. b5 Ra4 24. c5 Rxe4 25. Qxe4 Bf5 26. Qe3 Bxb1 27. Rxb1 Qf6
28. Rd1 Rd8 29. Qd3 d5 30. Qc2 d4 31. Qe4 Bxc5 32. Qxb7 Qe6 33. Qf3 d3 34. h3
Qd7 35. Bh4 Re8 36. Rxd3 Qxb5 37. Bf6 a5 38. Bc3 Bb4 39. Bb2 Bd6 40. g3 Qxb2
41. Rxd6 Re1+ 42. Kg2 Qe2 43. Rd8+ Kg7 44. Qf4 Qf1+ 45. Kf3 Qh1+ 46. Kg4 Re4
0-1

[Event "23. OSREDNJA SLOVENSKA LIGA 2022"]
[Site "gostovanja"]
[Date "2022.09.15"]
[Round "1.3"]
[White "Babic, Miroslav"]
[Black "Siraj, Anej"]
[Result "0-1"]
[WhiteElo "1662"]
[BlackElo "2047"]
[PlyCount "72"]
[EventDate "2022.09.16"]
[WhiteTeam "SK LJUBLJANA"]
[BlackTeam "SD VRHNIKA"]

1. e4 e5 2. Nf3 Nc6 3. Bc4 Bc5 4. O-O Nf6 5. d3 O-O 6. Bg5 Be7 7. c3 d6 8. Nbd2
h6 9. Be3 Ng4 10. Qe2 Na5 11. h3 Nxe3 12. Qxe3 Nxc4 13. Nxc4 f5 14. exf5 Bxf5
15. Ncd2 Qe8 16. Ne4 Qg6 17. Nh2 d5 18. Ng3 Bxd3 19. Qxe5 Bxf1 20. Qxd5+ Kh8
21. Rxf1 c6 22. Qb3 Bc5 23. Nf3 Qxg3 24. Qxb7 Rac8 25. Nd4 Bxd4 26. cxd4 Qc7
27. Qb4 Rb8 28. Qc3 Qb6 29. b3 Rbd8 30. Rd1 Rf4 31. Qg3 Rfxd4 32. Re1 Rd1 33.
Rxd1 Rxd1+ 34. Kh2 Qd8 35. Qf3 Qd6+ 36. g3 Qd5 0-1

[Event "23. OSREDNJA SLOVENSKA LIGA 2022"]
[Site "gostovanja"]
[Date "2022.09.15"]
[Round "1.4"]
[White "Vah, Denis"]
[Black "Komelj, Erazem"]
[Result "1-0"]
[WhiteElo "1988"]
[BlackElo "1630"]
[PlyCount "85"]
[EventDate "2022.09.16"]
[WhiteTeam "SD VRHNIKA"]
[BlackTeam "SK LJUBLJANA"]

1. d4 d5 2. c4 c6 3. Nf3 Nf6 4. e3 Bg4 5. h3 Bxf3 6. Qxf3 e6 7. Nc3 Nbd7 8. Bd2
Bb4 9. Bd3 O-O 10. a3 Bd6 11. O-O dxc4 12. Bxc4 e5 13. Ba2 exd4 14. exd4 Qb6
15. Ne2 Qxb2 16. Bc3 Qb6 17. g4 Rae8 18. Rfe1 Ne4 19. Ng3 Ng5 20. Qf5 Ne6 21.
Ne4 Qc7 22. Nxd6 Qxd6 23. Bb4 Qxd4 24. Red1 Qe5 25. Qxe5 Nxe5 26. Bxf8 Kxf8 27.
Bxe6 Rxe6 28. Rd8+ Ke7 29. Rad1 Kf6 30. f4 Nc4 31. R8d7 Nxa3 32. Rxb7 Nb5 33.
Rdd7 Nd6 34. Rxa7 g6 35. Rac7 h5 36. Rxc6 Ne4 37. g5+ Nxg5 38. fxg5+ Kxg5 39.
Rxe6 fxe6 40. Re7 Kh4 41. Kg2 g5 42. Rg7 g4 43. hxg4 1-0

[Event "23. OSREDNJA SLOVENSKA LIGA 2022"]
[Site "gostovanja"]
[Date "2022.09.15"]
[Round "1.1"]
[White "Debevec, Blaz"]
[Black "Jancigaj, Saso Valentin"]
[Result "1-0"]
[WhiteElo "2056"]
[BlackElo "1706"]
[PlyCount "93"]
[EventDate "2022.09.16"]
[WhiteTeam "SD DOMZALE"]
[BlackTeam "SK VISNJA GORA - STICNA"]

1. e4 e6 2. d4 d5 3. Nc3 c6 4. e5 Nd7 5. f4 f5 6. exf6 Ngxf6 7. Nf3 Bb4 8. Bd3
Ne4 9. Bd2 Nxd2 10. Qxd2 O-O 11. a3 Qa5 12. O-O Bd6 13. Ne5 c5 14. b4 cxb4 15.
Nb5 Bxe5 16. fxe5 Qb6 17. Rxf8+ Nxf8 18. Qf4 Qd8 19. axb4 a6 20. Nd6 Qe7 21.
Rf1 Bd7 22. Qe3 Be8 23. c4 Ng6 24. Qf3 dxc4 25. Bxc4 Bc6 26. Qf7+ Qxf7 27. Rxf7
Nf8 28. Rc7 Rd8 29. Kf2 g6 30. g3 Bh1 31. Ke3 b5 32. Bb3 h5 33. h4 Bg2 34. Kd3
Bf1+ 35. Ke3 Bg2 36. Ne4 Bxe4 37. Kxe4 Ra8 38. d5 Re8 39. dxe6 Nxe6 40. Rc6 Kf7
41. Rxa6 Re7 42. Rb6 Re8 43. Rxb5 Kg7 44. Rb7+ Kh6 45. Bxe6 Rxe6 46. b5 g5 47.
Rc7 1-0

[Event "23. OSREDNJA SLOVENSKA LIGA 2022"]
[Site "gostovanja"]
[Date "2022.09.15"]
[Round "1.2"]
[White "Sotirov, Slavko"]
[Black "Markosek, Bine"]
[Result "1/2-1/2"]
[WhiteElo "1748"]
[BlackElo "1641"]
[PlyCount "76"]
[EventDate "2022.09.16"]
[WhiteTeam "SK VISNJA GORA - STICNA"]
[BlackTeam "SD DOMZALE"]

1. e4 e5 2. Nf3 Nc6 3. Bc4 Bc5 4. d3 h6 5. Nc3 Nf6 6. h3 O-O 7. a3 d6 8. Be3
Bxe3 9. fxe3 Be6 10. Ba2 Bxa2 11. Nxa2 d5 12. exd5 Nxd5 13. Qd2 f5 14. O-O-O f4
15. e4 Ne3 16. Rdg1 Nd4 17. Nxd4 Qxd4 18. Qc3 Qd6 19. Qb3+ Kh8 20. Nc3 Rfd8 21.
Nd1 Nxd1 22. Rxd1 b6 23. Rhf1 a5 24. Rf3 a4 25. Qc3 b5 26. g3 fxg3 27. Rxg3 c5
28. Rdg1 b4 29. Qc4 Ra7 30. Rg6 Qf8 31. R6g4 bxa3 32. bxa3 Qd6 33. Qc3 Rb7 34.
Qe1 Qd4 35. Kd2 c4 36. Qe3 cxd3 37. Qxd4 Rxd4 38. cxd3 Rbd7 {nejasno (85)}
1/2-1/2

[Event "23. OSREDNJA SLOVENSKA LIGA 2022"]
[Site "gostovanja"]
[Date "2022.09.15"]
[Round "1.3"]
[White "Zmaucar, Miha"]
[Black "Miceli, Dario Edgardo"]
[Result "1-0"]
[WhiteElo "1465"]
[BlackElo "1654"]
[PlyCount "57"]
[EventDate "2022.09.16"]
[WhiteTeam "SD DOMZALE"]
[BlackTeam "SK VISNJA GORA - STICNA"]

1. d4 d5 2. Nf3 e6 3. g3 Nf6 4. Bg2 Ne4 5. O-O Bd6 6. c4 c6 7. Nfd2 f5 8. Nxe4
fxe4 9. f3 O-O 10. fxe4 Rxf1+ 11. Kxf1 dxc4 12. Nd2 Qf6+ 13. Nf3 e5 14. dxe5
Bxe5 15. Bg5 Qf8 16. Qc2 Be6 17. Rd1 Nd7 18. Kg1 Qc5+ 19. Kh1 Bf6 20. Bf4 h6
21. e5 Be7 22. Bxh6 Nxe5 23. Qe4 Bd5 24. Qxe5 gxh6 25. Rxd5 cxd5 26. Qe6+ Kf8
27. Ne5 Ke8 28. Qg8+ Bf8 29. Qf7+ 1-0

[Event "23. OSREDNJA SLOVENSKA LIGA 2022"]
[Site "gostovanja"]
[Date "2022.09.15"]
[Round "1.4"]
[White "Jese, Janez"]
[Black "Timagina, Sofia"]
[Result "1-0"]
[WhiteElo "1705"]
[BlackElo "1331"]
[PlyCount "91"]
[EventDate "2022.09.16"]
[WhiteTeam "SK VISNJA GORA - STICNA"]
[BlackTeam "SD DOMZALE"]

1. e4 e5 2. Bc4 Nf6 3. d4 exd4 4. Nf3 Bc5 5. e5 d5 6. exf6 dxc4 7. Qe2+ Be6 8.
fxg7 Rg8 9. Ng5 Qf6 10. Ne4 Qf5 11. g4 Qe5 12. f4 Qxg7 13. Nxc5 Qxg4 14. Nxe6
Qxe2+ 15. Kxe2 fxe6 16. Na3 c5 17. Nxc4 Rg2+ 18. Kf3 Rg7 19. Nd6+ Kd8 20. Re1
Re7 21. f5 Kc7 22. f6 Kxd6 23. Bf4+ e5 24. fxe7 Nd7 25. Bg5 Rg8 26. Rg1 Nb6 27.
Bh4 Re8 28. Rg7 Nd5 29. Rxh7 b5 30. Ke4 Nb4 31. c3 Nc6 32. Rg1 c4 33. Rg6+ Kd7
34. Rxc6 Kxc6 35. cxd4 exd4 36. Kxd4 Kd6 37. Rh6+ Kd7 38. Kc5 Rc8+ 39. Kd5 b4
40. Rd6+ Ke8 41. Rd8+ Rxd8+ 42. exd8=Q+ Kf7 43. Qf6+ Kg8 44. Ke6 c3 45. Qf7+
Kh8 46. Bf6# 1-0

[Event "23. OSREDNJA SLOVENSKA LIGA 2022"]
[Site "gostovanja"]
[Date "2022.09.15"]
[Round "1.1"]
[White "Butala, Marjan"]
[Black "Markun, Ozbej"]
[Result "0-1"]
[WhiteElo "1877"]
[BlackElo "1986"]
[PlyCount "82"]
[EventDate "2022.09.16"]
[WhiteTeam "KPSRD KAREL JERAJ"]
[BlackTeam "SS TOMO ZUPAN KRANJ"]

1. e4 c5 2. Nc3 d6 3. g3 Nf6 4. Bg2 g6 5. Nf3 Nc6 6. d3 Bg7 7. O-O O-O 8. h3
Rb8 9. Be3 b5 10. Qd2 b4 11. Ne2 Nd7 12. d4 a5 13. Rfd1 Ba6 14. c3 bxc3 15.
bxc3 cxd4 16. Nexd4 Nce5 17. Bh6 Qc7 18. Bxg7 Kxg7 19. Qg5 Nxf3+ 20. Bxf3 Ne5
21. Bg2 Kh8 22. Rab1 Rfc8 23. Rxb8 Rxb8 24. Qe3 Rb2 25. a4 {(=)} Rb8 26. h4 Nc4
27. Qg5 Ne5 28. Qe3 Qc5 29. h5 Ng4 30. Qf4 Qxh5 31. Nf3 Be2 32. Re1 Bxf3 33.
Qxf3 Qh2+ 34. Kf1 Ne5 35. Qe3 Qh5 36. Qa7 Rb2 37. Qxe7 Kg7 38. Qxd6 Ng4 39.
Qd4+ Kh6 40. Re2 Rb1+ 41. Re1 Nh2+ 0-1

[Event "23. OSREDNJA SLOVENSKA LIGA 2022"]
[Site "gostovanja"]
[Date "2022.09.15"]
[Round "1.2"]
[White "Bobnar, Samo"]
[Black "Mlacnik, Janez"]
[Result "1-0"]
[WhiteElo "1760"]
[BlackElo "1803"]
[PlyCount "57"]
[EventDate "2022.09.16"]
[WhiteTeam "SS TOMO ZUPAN KRANJ"]
[BlackTeam "KPSRD KAREL JERAJ"]

1. e4 c5 2. c3 e6 3. d4 d5 4. exd5 Qxd5 5. Nf3 Nf6 6. Be2 Nc6 7. O-O Be7 8. Be3
O-O 9. dxc5 Qxd1 10. Rxd1 Ng4 11. b4 Nxe3 12. fxe3 a5 13. Bb5 axb4 14. Bxc6
bxc6 15. cxb4 Bf6 16. Nd4 Ra4 17. a3 e5 18. Nxc6 Bg4 19. Rd6 Rfa8 20. e4 R4a6
21. b5 Ra4 22. b6 Bc8 23. Nc3 Rc4 24. Nd5 Rxc5 25. Nc7 Ra4 26. Rxf6 gxf6 27.
Ne7+ Kg7 28. Nxc8 Rc2 29. Nd6 1-0

[Event "23. OSREDNJA SLOVENSKA LIGA 2022"]
[Site "gostovanja"]
[Date "2022.09.15"]
[Round "1.3"]
[White "Kutin, Dusan"]
[Black "Smirnov, Maksim"]
[Result "0-1"]
[WhiteElo "1776"]
[BlackElo "1293"]
[PlyCount "54"]
[EventDate "2022.09.16"]
[WhiteTeam "KPSRD KAREL JERAJ"]
[BlackTeam "SS TOMO ZUPAN KRANJ"]

1. d4 c6 2. Nc3 d5 3. e4 dxe4 4. Nxe4 Nf6 5. Ng3 Bg4 6. f3 Bc8 7. c3 e6 8. Bd3
Bd6 9. N1e2 Nbd7 10. Ne4 Bc7 11. Bg5 b6 12. Qc2 Bb7 13. O-O h6 14. Bd2 O-O 15.
Qc1 Nxe4 16. fxe4 c5 17. Kh1 Ne5 18. Bc2 Ng4 19. Bf4 Nf6 20. Qe3 Rc8 21. Rac1
Qe8 22. Ng3 cxd4 23. cxd4 e5 24. dxe5 Bxe5 25. Bxe5 Qxe5 26. Nf5 Bxe4 27. Ng3
Bxg2+ 0-1

[Event "23. OSREDNJA SLOVENSKA LIGA 2022"]
[Site "gostovanja"]
[Date "2022.09.15"]
[Round "1.1"]
[White "Juhant, Igor"]
[Black "Keber, Aljosa"]
[Result "1-0"]
[WhiteElo "1964"]
[BlackElo "1548"]
[PlyCount "70"]
[EventDate "2022.09.16"]
[WhiteTeam "SK KOMENDA POPOTNIK"]
[BlackTeam "SK KOMENDA POGI"]

1. e4 c5 2. b4 cxb4 3. d4 g6 4. Nf3 Bg7 5. Bb2 Nf6 6. Nbd2 O-O 7. h4 d5 8. e5
Ng4 9. h5 Bf5 10. Nh4 Qd7 11. Be2 gxh5 12. Nxf5 Qxf5 13. O-O f6 14. Nf3 h6 15.
Nh4 Qd7 16. Ng6 Rf7 17. Nf4 fxe5 18. Nxh5 Nf6 19. Nxg7 Rxg7 20. dxe5 Ne4 21. e6
Qxe6 22. Bxg7 Kxg7 23. Qd4+ Nf6 24. Qxb4 Nc6 25. Qb2 Qxe2 26. Qxb7 Rg8 27. Qxc6
Kh7 28. Qc3 Ne4 29. Qh3 Ng5 30. Qd3+ Qxd3 31. cxd3 Nh3+ 32. Kh2 Nf4 33. g3 Ng6
34. f4 e5 35. f5 Nf8 1-0

[Event "23. OSREDNJA SLOVENSKA LIGA 2022"]
[Site "gostovanja"]
[Date "2022.09.15"]
[Round "1.2"]
[White "Cimperman, Teo"]
[Black "Zidar, Jernej"]
[Result "0-1"]
[WhiteElo "1433"]
[BlackElo "1665"]
[PlyCount "78"]
[EventDate "2022.09.16"]
[WhiteTeam "SK KOMENDA POGI"]
[BlackTeam "SK KOMENDA POPOTNIK"]

1. e4 c5 2. Nf3 d6 3. d4 Nf6 4. Nc3 cxd4 5. Nxd4 a6 6. Be3 e5 7. Nf3 Qc7 8. Be2
Be7 9. O-O Be6 10. Ng5 Bc4 11. Bxc4 Qxc4 12. f4 Nc6 13. Nd5 Nxd5 14. exd5 Bxg5
15. fxg5 Nb4 16. c3 Nxd5 17. Qf3 Nxe3 18. Qxe3 O-O 19. Rfd1 Rfd8 20. Qd3 Qc5+
21. Kh1 d5 22. Qf5 d4 23. cxd4 Rxd4 24. Rdc1 Qe7 25. Re1 e4 26. Rac1 Rad8 27.
Rc8 Rxc8 28. Qxc8+ Rd8 29. Qc2 e3 30. h4 Qb4 31. Rxe3 Qxh4+ 32. Rh3 Qe1+ 33.
Kh2 Qe5+ 34. Kh1 g6 35. Qc1 Rd5 36. Re3 Qd4 37. Re8+ Kg7 38. b3 Rc5 39. Qe1
Rxg5 0-1

[Event "23. OSREDNJA SLOVENSKA LIGA 2022"]
[Site "gostovanja"]
[Date "2022.09.15"]
[Round "1.3"]
[White "Snedec, Aljaz"]
[Black "Macek, Inti"]
[Result "0-1"]
[WhiteElo "1000"]
[BlackElo "1242"]
[PlyCount "24"]
[EventDate "2022.09.16"]
[WhiteTeam "SK KOMENDA POPOTNIK"]
[BlackTeam "SK KOMENDA POGI"]

1. d4 d5 2. Nf3 Nf6 3. Bf4 Bd7 4. e3 e6 5. Ne5 c5 6. Nxd7 Nbxd7 7. c3 cxd4 8.
cxd4 Qb6 9. Qb3 Qxb3 10. axb3 Bb4+ 11. Nd2 Ne4 12. Rd1 Nxd2 0-1

[Event "23. OSREDNJA SLOVENSKA LIGA 2022"]
[Site "gostovanja"]
[Date "2022.09.15"]
[Round "1.4"]
[White "Babarovic, Fran"]
[Black "Ojstersek, Peter"]
[Result "0-1"]
[WhiteElo "1172"]
[BlackElo "1605"]
[PlyCount "50"]
[EventDate "2022.09.16"]
[WhiteTeam "SK KOMENDA POGI"]
[BlackTeam "SK KOMENDA POPOTNIK"]

1. e4 c6 2. Nc3 d5 3. d4 dxe4 4. Nxe4 Nf6 5. Nxf6+ exf6 6. Nf3 Bg4 7. Be3 Bd6
8. Bc4 O-O 9. O-O Qc7 10. h3 Bh5 11. c3 Nd7 12. Be2 Rfe8 13. Qc2 Nb6 14. Rfe1
Rad8 15. Bd3 Bxf3 16. Bxh7+ Kh8 17. gxf3 g6 18. Bxg6 fxg6 19. Kh1 Kg7 20. Rg1
Qf7 21. Rg2 Rh8 22. Qf5 Rxh3+ 23. Qxh3 Rh8 24. Qxh8+ Kxh8 25. Rag1 Qh7+ 0-1

[Event "23. OSREDNJA SLOVENSKA LIGA 2022"]
[Site "gostovanja"]
[Date "2022.09.15"]
[Round "1.1"]
[White "Krumpak, Hinko"]
[Black "Jukan, Nesib"]
[Result "1-0"]
[WhiteElo "2032"]
[BlackElo "1972"]
[PlyCount "47"]
[EventDate "2022.09.16"]
[WhiteTeam "SK TRZIN BUSCOTRADE"]
[BlackTeam "SK TRZIN PEKOS PUB"]

1. d4 e5 2. dxe5 d6 3. Nf3 Nc6 4. Bf4 d5 5. e3 Bg4 6. Be2 Nge7 7. Nc3 g6 8. Nd4
Bxe2 9. Qxe2 Bg7 10. Nxc6 bxc6 11. Na4 O-O 12. Nc5 Qb8 13. c3 Re8 14. Nd7 Qb5
15. Qxb5 cxb5 16. Nf6+ Kh8 17. Nxe8 Rxe8 18. a4 a6 19. axb5 axb5 20. Ra7 g5 21.
Bg3 c6 22. O-O f5 23. exf6 Bxf6 24. Rfa1 1-0

[Event "23. OSREDNJA SLOVENSKA LIGA 2022"]
[Site "gostovanja"]
[Date "2022.09.15"]
[Round "1.2"]
[White "Leben, Dusan"]
[Black "Krupenko, Peter"]
[Result "1/2-1/2"]
[WhiteElo "1831"]
[BlackElo "1928"]
[PlyCount "75"]
[EventDate "2022.09.16"]
[WhiteTeam "SK TRZIN PEKOS PUB"]
[BlackTeam "SK TRZIN BUSCOTRADE"]

1. e4 e5 2. Nf3 Nf6 3. Nxe5 d6 4. Nf3 Nxe4 5. Qe2 Qe7 6. d3 Nf6 7. Qxe7+ Bxe7
8. Be2 Bd7 9. O-O Na6 10. c3 Nc5 11. d4 Nce4 12. Nbd2 d5 13. Re1 O-O-O 14. Nxe4
Nxe4 15. Bd3 Bf6 16. Bxe4 dxe4 17. Rxe4 Bc6 18. Re1 Bxf3 19. gxf3 Rd5 20. Re4
c5 21. Be3 cxd4 22. Bxd4 Bxd4 23. cxd4 Rhd8 24. Rc1+ Kd7 25. Kf1 Kd6 26. Rce1
Rd7 27. h4 Kc6 28. Rc1+ Kd6 29. Rc3 f5 30. Re5 Rxe5 31. dxe5+ Kxe5 32. Rc4 Kf6
33. Kg2 Rd2 34. Rb4 b6 35. a4 Rd5 36. Rc4 Rc5 37. Rd4 Ke6 38. b3 1/2-1/2

[Event "23. OSREDNJA SLOVENSKA LIGA 2022"]
[Site "gostovanja"]
[Date "2022.09.15"]
[Round "1.3"]
[White "Borisek, Anze"]
[Black "Lanjscek, Miha"]
[Result "0-1"]
[WhiteElo "1913"]
[BlackElo "1805"]
[PlyCount "76"]
[EventDate "2022.09.16"]
[WhiteTeam "SK TRZIN BUSCOTRADE"]
[BlackTeam "SK TRZIN PEKOS PUB"]

1. f4 d5 2. b3 Nf6 3. Nf3 c5 4. e3 e6 5. Bb2 Be7 6. Ne5 O-O 7. Bd3 d4 8. O-O
Nc6 9. Nxc6 bxc6 10. Na3 Nd5 11. Rf3 Nb4 12. Bxh7+ Kxh7 13. exd4 Qd5 14. Rh3+
Kg8 15. dxc5 Bxc5+ 16. Kh1 e5 17. Rh5 f5 18. Nc4 exf4 19. Bxg7 Kxg7 20. Rg5+
Kf6 21. Qh5 Be6 22. Re1 Be3 23. dxe3 Nxc2 24. e4 Qc5 25. Qh6+ Ke7 26. Rg7+ Rf7
27. exf5 Qxf5 28. Rxf7+ Qxf7 29. Ne5 Qf5 30. Nxc6+ Kd6 31. Re2 Ne3 32. h3 Kxc6
33. Re1 Qe4 34. Qg7 Rg8 35. Rc1+ Kd5 36. Qb7+ Ke5 37. Rc5+ Bd5 38. Qe7+ Kd4 0-1

[Event "23. OSREDNJA SLOVENSKA LIGA 2022"]
[Site "gostovanja"]
[Date "2022.09.15"]
[Round "1.4"]
[White "Konvalinka, Kostja"]
[Black "Rojs, Lan Aleksander"]
[Result "1/2-1/2"]
[WhiteElo "1672"]
[BlackElo "1500"]
[PlyCount "67"]
[EventDate "2022.09.16"]
[WhiteTeam "SK TRZIN PEKOS PUB"]
[BlackTeam "SK TRZIN BUSCOTRADE"]

1. e4 e6 2. d4 d5 3. exd5 exd5 4. Nf3 Nf6 5. Bd3 Bg4 6. O-O Be7 7. Bf4 O-O 8.
h3 Bh5 9. Re1 c6 10. c3 Bd6 11. Bxd6 Qxd6 12. Nbd2 Nbd7 13. Qc2 Rfe8 14. Bf5 a5
15. Bxd7 Nxd7 16. Rxe8+ Rxe8 17. Re1 Rxe1+ 18. Nxe1 Qe7 19. Nef3 b5 20. Qf5 Bg6
21. Qf4 Nf8 22. Qe5 Qe6 23. Qxe6 Nxe6 24. Ne5 Nd8 25. Nxg6 hxg6 26. Nb3 Nb7 27.
f4 Kf8 28. Kf2 Ke7 29. g4 Kd6 30. Ke3 a4 31. Nc1 Na5 32. b4 axb3 33. axb3 Ke6
34. Kf3 1/2-1/2

[Event "23. OSREDNJA SLOVENSKA LIGA 2022"]
[Site "gostovanja"]
[Date "2022.09.15"]
[Round "1.1"]
[White "Sedlar, Tomo"]
[Black "Ocepek, Marjan"]
[Result "1-0"]
[WhiteElo "1831"]
[BlackElo "1588"]
[PlyCount "91"]
[EventDate "2022.09.16"]
[WhiteTeam "SD MENGEŠ-TRZIN 1"]
[BlackTeam "SD MENGEŠ-TRZIN 2"]

1. d4 Nf6 2. c4 g6 3. Nc3 d5 4. Bf4 c6 5. e3 Bg7 6. Nf3 Bg4 7. Qb3 b6 8. cxd5
Nxd5 9. Nxd5 cxd5 10. Ne5 Bxe5 11. Bxe5 f6 12. Bxb8 Rxb8 13. Bb5+ Kf7 14. O-O
Qd6 15. Rac1 Rbc8 16. Ba6 Rc7 17. Rxc7 Qxc7 18. e4 Rd8 19. exd5 Rd6 20. Qc3 Qd8
21. Rc1 Kg7 22. Bc4 Bf5 23. f3 h5 24. Bb3 Rd7 25. h3 g5 26. Re1 Bg6 27. Qe3 Bf7
28. Qe4 Bg6 29. Qe3 Bf7 30. h4 gxh4 31. Qe4 Bxd5 32. Bxd5 Rxd5 33. Qxe7+ Qxe7
34. Rxe7+ Kg6 35. Rxa7 Rxd4 36. Rb7 Rb4 37. b3 Kf5 38. Kf2 Kf4 39. Re7 f5 40.
Rd7 Kg5 41. Ke3 f4+ 42. Kf2 Kf5 43. Rd5+ Kg6 44. Ke2 Kf6 45. Kd3 Ke6 46. Rxh5
1-0

[Event "23. OSREDNJA SLOVENSKA LIGA 2022"]
[Site "gostovanja"]
[Date "2022.09.15"]
[Round "1.2"]
[White "Saradjen, Darja"]
[Black "Simicak, Metod"]
[Result "1-0"]
[WhiteElo "1739"]
[BlackElo "1706"]
[PlyCount "87"]
[EventDate "2022.09.16"]
[WhiteTeam "SD MENGEŠ-TRZIN 2"]
[BlackTeam "SD MENGEŠ-TRZIN 1"]

1. e4 e5 2. Nf3 Nc6 3. d3 d5 4. exd5 Qxd5 5. Be2 Nf6 6. O-O Bb4 7. a3 Ba5 8. c4
Qd6 9. b4 Bb6 10. c5 Bxc5 11. bxc5 Qxc5 12. Bb2 O-O 13. Nc3 Rd8 14. Rc1 Qa5 15.
Qc2 Bg4 16. Ne4 Nd7 17. Qb3 Qb6 18. Qc2 h6 19. Rfe1 Re8 20. h3 Be6 21. Bd1 Rac8
22. Bc3 f6 23. Rb1 Qa6 24. Bb4 Ne7 25. Be2 Qc6 26. Qb2 b6 27. Rec1 Qb7 28. Bxe7
Rxe7 29. Qc3 Bd5 30. Nd6 cxd6 31. Qxc8+ Qxc8 32. Rxc8+ Kf7 33. Rc7 a6 34. Nd2
f5 35. Nc4 Bxc4 36. dxc4 Ke6 37. g4 g6 38. gxf5+ gxf5 39. Rd1 Rg7+ 40. Kf1 Rg6
41. Rd3 Rf6 42. Bh5 Nc5 43. Rg3 d5 44. Rc6+ 1-0

[Event "23. OSREDNJA SLOVENSKA LIGA 2022"]
[Site "gostovanja"]
[Date "2022.09.15"]
[Round "1.3"]
[White "Grasic, Marjan"]
[Black "Sovdat, Blaz"]
[Result "1/2-1/2"]
[WhiteElo "1696"]
[BlackElo "1000"]
[PlyCount "120"]
[EventDate "2022.09.16"]
[WhiteTeam "SD MENGEŠ-TRZIN 1"]
[BlackTeam "SD MENGEŠ-TRZIN 2"]

1. e4 d6 2. d4 Nf6 3. Nc3 g6 4. Nf3 Bg7 5. Bb5+ c6 6. Ba4 O-O 7. O-O Nbd7 8. e5
Ne8 9. Bf4 d5 10. h3 Nc7 11. Qd2 Ne6 12. Bh2 h6 13. b4 b5 14. Bb3 a5 15. bxa5
Qxa5 16. a4 b4 17. Na2 Ba6 18. Rfc1 Rab8 19. c4 Nc7 20. cxd5 cxd5 21. Rc2 Rfc8
22. Rac1 e6 23. Rc6 Bf8 24. Qc2 Na8 25. Qd2 Nab6 26. Rxc8 Rxc8 27. Rxc8 Nxc8
28. Bf4 Kh7 29. Qc2 Qb6 30. Nc1 Ne7 31. Qa2 Nf5 32. Qd2 Qc6 33. g4 Nh4 34. Nxh4
g5 35. Qc2+ Qxc2 36. Bxc2+ Kg8 37. Bd2 gxh4 38. Na2 f6 39. Nxb4 Bc4 40. Nc6
fxe5 41. dxe5 Nc5 42. Nd4 Kf7 43. f4 Nd3 44. Bxd3 Bxd3 45. f5 exf5 46. gxf5 Bc5
47. Bc3 Bxf5 48. Kg2 Be4+ 49. Kf1 Ke7 50. Kf2 Kd7 51. Ke2 Bg2 52. Nf5 h5 53.
Bd4 Bxh3 54. Bxc5 Bxf5 55. a5 Kc7 56. a6 h3 57. Kf2 h4 58. a7 Kb7 59. Kg1 Ka8
60. Kh2 Kb7 1/2-1/2

[Event "23. OSREDNJA SLOVENSKA LIGA 2022"]
[Site "gostovanja"]
[Date "2022.09.15"]
[Round "1.4"]
[White "Ljutic, Muharem"]
[Black "Opara, Matej"]
[Result "1/2-1/2"]
[WhiteElo "1000"]
[BlackElo "1399"]
[PlyCount "74"]
[EventDate "2022.09.16"]
[WhiteTeam "SD MENGEŠ-TRZIN 2"]
[BlackTeam "SD MENGEŠ-TRZIN 1"]

1. e4 e5 2. Nf3 f6 3. d4 d6 4. dxe5 dxe5 5. Qxd8+ Kxd8 6. Nc3 a6 7. Be3 Nc6 8.
a3 Nge7 9. Bc4 b5 10. Bd5 Nxd5 11. Nxd5 Bb7 12. Rd1 Kc8 13. O-O Bd6 14. Nh4 g6
15. Nxf6 Nd4 16. Bxd4 exd4 17. Rxd4 g5 18. Nf5 Be5 19. Ne7+ Kb8 20. Nd7+ Ka7
21. Nxe5 Rae8 22. Nf5 Rxe5 23. f3 h5 24. Rfd1 g4 25. Rd7 Rc5 26. c3 gxf3 27.
gxf3 Rg8+ 28. Kf2 Rf8 29. Kg3 Bc8 30. R7d5 Rg8+ 31. Kf2 Rxd5 32. Rxd5 Bxf5 33.
Rxf5 Rh8 34. c4 h4 35. e5 bxc4 36. Rf6 Re8 37. Rh6 Rxe5 1/2-1/2

[Event "23. OSREDNJA SLOVENSKA LIGA 2022"]
[Site "gostovanja"]
[Date "2022.09.29"]
[Round "2.1"]
[White "Markun, Ozbej"]
[Black "Juhant, Igor"]
[Result "1/2-1/2"]
[WhiteElo "1986"]
[BlackElo "1964"]
[PlyCount "66"]
[EventDate "2022.09.29"]
[WhiteTeam "SS TOMO ZUPAN KRANJ"]
[BlackTeam "SK KOMENDA POPOTNIK"]

1. e4 c6 2. d4 d5 3. Nc3 dxe4 4. Nxe4 Bf5 5. Ng3 Bg6 6. h4 h6 7. Nf3 Nd7 8. h5
Bh7 9. Bd3 Bxd3 10. Qxd3 Ngf6 11. Bd2 e6 12. O-O-O Qc7 13. Ne4 Nxe4 14. Qxe4
Nf6 15. Qe2 Bd6 16. g3 O-O-O 17. c4 c5 18. Bc3 Rhg8 19. Kb1 Qc6 20. Rh4 Rge8
21. Rc1 a6 22. dxc5 Qxc5 23. Nd4 Qg5 24. c5 Bc7 25. c6 b5 26. a4 e5 27. Nxb5
Qf5+ 28. Ka1 axb5 29. Qxb5 Rd5 30. Qa6+ Kd8 31. Bb4 Qc8 32. Qc4 Qf5 33. Qa6 Qc8
1/2-1/2

[Event "23. OSREDNJA SLOVENSKA LIGA 2022"]
[Site "gostovanja"]
[Date "2022.09.29"]
[Round "2.2"]
[White "Zidar, Jernej"]
[Black "Logar, Metod"]
[Result "1/2-1/2"]
[WhiteElo "1665"]
[BlackElo "1946"]
[PlyCount "67"]
[EventDate "2022.09.29"]
[WhiteTeam "SK KOMENDA POPOTNIK"]
[BlackTeam "SS TOMO ZUPAN KRANJ"]

1. d4 Nf6 2. Nf3 e6 3. e3 d5 4. Bd3 c5 5. b3 cxd4 6. exd4 Nc6 7. a3 Bd6 8. Bb2
O-O 9. O-O a6 10. Nbd2 Qc7 11. Re1 Ng4 12. h3 Nh6 13. c4 Rd8 14. Qc2 g6 15.
Rac1 Bd7 16. Ne5 Rac8 17. Ndf3 Be8 18. Qd2 Bf8 19. cxd5 exd5 20. Nxc6 Bxc6 21.
Ne5 Qb6 22. Nxc6 Rxc6 23. Rxc6 Qxc6 24. Qe3 Kg7 25. Qe5+ Qf6 26. g4 Bd6 27.
Qxf6+ Kxf6 28. g5+ Kxg5 29. Bc1+ Bf4 30. h4+ Kg4 31. Be2+ Kf5 32. Bd3+ Kg4 33.
Be2+ Kf5 34. Bd3+ 1/2-1/2

[Event "23. OSREDNJA SLOVENSKA LIGA 2022"]
[Site "gostovanja"]
[Date "2022.09.29"]
[Round "2.3"]
[White "Bobnar, Samo"]
[Black "More, Erlend"]
[Result "1/2-1/2"]
[WhiteElo "1760"]
[BlackElo "1615"]
[PlyCount "56"]
[EventDate "2022.09.29"]
[WhiteTeam "SS TOMO ZUPAN KRANJ"]
[BlackTeam "SK KOMENDA POPOTNIK"]

1. e4 Nf6 2. Nc3 d5 3. e5 d4 4. exf6 dxc3 5. d4 exf6 6. bxc3 Bd6 7. Bd3 O-O 8.
Ne2 Re8 9. O-O Bg4 10. f3 Bh5 11. Rb1 b6 12. Ng3 Bxg3 13. hxg3 Bg6 14. Ba3 Bxd3
15. cxd3 Qd7 16. Qb3 Nc6 17. Rfe1 Ne7 18. Re4 f5 19. Re5 Ng6 20. Ree1 Rxe1+ 21.
Rxe1 Re8 22. Rxe8+ Qxe8 23. Kf2 f4 24. gxf4 Nxf4 25. Qc2 Qb5 26. c4 Qg5 27. Kg1
Qg6 28. Qd2 Nxd3 1/2-1/2